000 00771nam a2200253Ia 4500
003 OSt
005 20220928113553.0
006 a|||||r|||| 00| 0
007 ta
008 220927b |||||||| |||| 00| 0 eng d
020 _c5477.5500000000002
024 _a114223
037 _b198, 15/12/2011, Pioneer Book Distributors
_cTextual
040 _aSDCL
_cSDCL
_beng
041 _2eng
_aeng
082 _aX:328, Q0
100 _aDelmar Frederic
_9433857
245 0 _aKnowledge intensive entrepreneurship.
260 _aCheltenham
_bEdward Elgar
_c2010
300 _avii,200p
_ccm.
650 _aBusiness Economics
_9391653
942 _hX:328, Q0
_cTEXL
_2CC
999 _c750269
_d750269